MARC details
| 000 -LEADER |
| campo de control de longitud fija |
02069cam a2200325 a 4500 |
| 001 - NÚMERO DE CONTROL |
| campo de control |
79062 |
| 005 - FECHA Y HORA DE LA ÚLTIMA TRANSACCIÓN |
| campo de control |
20230410105427.0 |
| 008 - DATOS DE LONGITUD FIJA--INFORMACIÓN GENERAL |
| campo de control de longitud fija |
090902s2009 nyu 000 0 eng |
| 010 ## - NÚMERO DE CONTROL DE LA BIBLIOTECA DEL CONGRESO |
| Número de control de LC |
2009033257 |
| 035 ## - NÚMERO DE CONTROL DEL SISTEMA |
| Número de control de sistema |
(OCoLC)ocn320186942 |
| 040 ## - FUENTE DE CATALOGACIÓN |
| Centro catalogador/agencia de origen |
DLC |
| Centro/agencia transcriptor |
DLC |
| Centro/agencia modificador |
BUR |
| -- |
UTW |
| -- |
ORX |
| -- |
VP@ |
| 020 ## - NÚMERO INTERNACIONAL ESTÁNDAR DEL LIBRO |
| Número Internacional Estándar del Libro |
9780307589927 |
| 020 ## - NÚMERO INTERNACIONAL ESTÁNDAR DEL LIBRO |
| Número Internacional Estándar del Libro |
0307589927 |
| 029 1# - OTRO NÚMERO DE CONTROL DE SISTEMA (OCLC) |
| Identificador de la biblioteca OCLC |
AU@ |
| Número de control de sistema |
000044625468 |
| 035 ## - NÚMERO DE CONTROL DEL SISTEMA |
| Número de control de sistema |
(OCoLC)320186942 |
| 050 14 - SIGNATURA TOPOGRÁFICA DE LA BIBLIOTECA DEL CONGRESO |
| Número de clasificación |
HB3722 |
| Número de ítem |
P448h 2009 |
| 082 00 - NÚMERO DE LA CLASIFICACIÓN DECIMAL DEWEY |
| Número de clasificación |
330.9/0511 |
| Número de edición |
22 |
| 100 1# - ENTRADA PRINCIPAL--NOMBRE DE PERSONA |
| Nombre de persona |
Perkins, John, |
| Fechas asociadas al nombre |
1945- |
| 245 10 - MENCIÓN DEL TÍTULO |
| Título |
Hoodwinked : |
| Resto del título |
an economic hit man reveals why the world financial markets imploded--and what we need to do to remake them / |
| Mención de responsabilidad, etc. |
John Perkins. |
| 250 ## - MENCION DE EDICION |
| Mención de edición |
1st ed. |
| 260 ## - PUBLICACIÓN, DISTRIBUCIÓN, ETC. |
| Lugar de publicación, distribución, etc. |
New York : |
| Nombre del editor, distribuidor, etc. |
Broadway Books, |
| Fecha de publicación, distribución, etc. |
2009. |
| 300 ## - DESCRIPCIÓN FÍSICA |
| Extensión |
x, 243 p. ; |
| Dimensiones |
22 cm. |
| 504 ## - NOTA DE BIBLIOGRAFÍA, ETC. |
| Nota de bibliografía, etc. |
Includes bibliographical references (p. 221-231) and index. |
| 520 ## - RESUMEN, ETC. |
| Sumario, etc. |
John Perkins has seen economic meltdowns before--the banking industry collapse, the rising tide of unemployment, the shuttering of businesses are all too familiar symptoms of a far greater disease. As an economic hit man, he was involved in events once confined to the Third World, that have now sent the United States--and in fact the entire planet--spiraling toward disaster. Here, Perkins shows how we've been hoodwinked by the CEOs who run those few corporations that control the capital, land, and resources--and the politicians they manipulate. These corporate fat cats have sold us all on what he calls predatory capitalism, an exploitation of the many to benefit the already very wealthy. Their arrogance, gluttony, and mismanagement have brought us to the edge. But there is a way out. As Perkins makes clear, we can create a healthy economy that will encourage businesses to act responsibly, in the interests of their employees, their customers, the environment, and society at large.--From publisher description. |
| 650 #0 - PUNTO DE ACCESO ADICIONAL DE MATERIA--TÉRMINO DE MATERIA |
| Término de materia o nombre geográfico como elemento de entrada |
Global Financial Crisis, 2008-2009. |
| 650 #0 - PUNTO DE ACCESO ADICIONAL DE MATERIA--TÉRMINO DE MATERIA |
| Término de materia o nombre geográfico como elemento de entrada |
Economic history |
| Subdivisión cronológica |
21st century. |
| 650 #0 - PUNTO DE ACCESO ADICIONAL DE MATERIA--TÉRMINO DE MATERIA |
| Término de materia o nombre geográfico como elemento de entrada |
Finance |
| Subdivisión general |
Government policy. |
| 942 ## - ELEMENTOS DE ENTRADA SECUNDARIOS (KOHA) |
| Fuente del sistema de clasificación o colocación |
Clasificación de Library of Congress |
| Tipo de ítem Koha |
|
| 994 ## - |
| -- |
C0 |
| -- |
DRFGD |